Регионална библиотека "Любен Каравелов" - Русе

Технически прогрес, механизация и автоматизация на търговските процеси (Запис номер 206836)

MARC детайли
000 -Лидер
Контролно поле с фиксирана дължина 01139nam a2200277 c 4500
003 - Код на организацията, давaща контролен номер
Контролно поле BLK
005 - Дата и час на последна редакция
Контролно поле 20180422120825.0
008 - Елементи от данни с фиксирана дължина
fixed length control field 180411b bul|||||r ||||||| ||bul||
010 ## - Наследен системен номер
LC control number KNG00216587000
040 ## - Източник на каталожния запис
Идентификатор на билиотеката - собственик на записа BLK
041 ## - Код за език
Код за езика на текст/звукозапис или на отделно заглавие Български
Код за езика КДБФ Български
080 ## - УДК
Текстов определител УДК Вътрешна търговия. Вж и 347.7 ; 657 ; 658
УДК код - определител по УДК 339.3
УДК определител (075.81)
УДК - код + определител 339.3(075.81)
080 ## - УДК
Текстов определител УДК
УДК код - определител по УДК 658.6/.8
УДК определител (075.81)
УДК - код + определител 658.6/.8(075.81)
100 1# - Редна дума - Автор
Автор Тренева, Мария Петрова
Авторска отговорност първи автор
R(LIN) 368458
139 ## - Редно поле
Редна дума Тренева, Мария Петрова
Авторски знак Трен - Т 82
245 10 - Сведения за заглавието
Заглавие Технически прогрес, механизация и автоматизация на търговските процеси
Подзаглавни данни Учебник за студентите от ВИИ К. Маркс - София
Редно поле (дума) Мария Петрова Тренева.
257 ## - Страна на издаване
Страна на създаване/издаване България
260 ## - Област на издателските данни
-- София
Име на издателя, разпространителя и проч. Наука и изкуство
Година на издаване 1977
300 ## - Физическа характеристика
Страници 287 с.
Илюстрации и др. с ил.
Размери/Мащаб 22 см
380 ## - Жанр
Жанр Обществени науки
852 ## - Местоположение
Форматна сигнатура Цб 86424
856 4# - Електронен адрес и достъп
Електронен формат pdf - файл
Път до файла /url/
856 4# - Електронен адрес и достъп
Електронен формат pdf - файл
Път до файла /url/
942 ## - АРТИКУЛИ
Вид на библиотечния материал Книги
Скрит в OPAC Не
944 ## - СЪЗДАВАНЕ И РЕДАКЦИЯ на ЗАПИСА
Създаване/Редакция Създаване
Дата на регистрацията/редакция 01.03.2018
Служител, извършил регистрацията/редакцията Нора_Радева
944 ## - СЪЗДАВАНЕ И РЕДАКЦИЯ на ЗАПИСА
Създаване/Редакция Редакция
Дата на регистрацията/редакция 01.03.2018
Служител, извършил регистрацията/редакцията Нора_Радева
999 ## - СИСТЕМНИ КОНТРОЛНИ НОМЕРА
Koha biblionumber 206836
Koha biblioitemnumber 206836
Наличности
Код за отписване Код за изгубен артикул Източник на класификационната схема Код за повреда Коз за рестрикции Код за отдаване Артикулен № Име на библиотеката - собственик Име на библиотеката, в която се намира в момента Статус (Текущо местоположение) Дата на вписване в системата Местоположение - отдел Цена в лева Инвентарен номер Систематично азбучна сигнатура Баркод Номер на екземпляра Цена в евро Служебна бележка Служебен тип на артикула
  Не е изгубен Universal Decimal Classification Не е повреден само за читалня ползва се в читалня 356524 Регионална библиотека "Любен Каравелов" Русе Регионална библиотека "Любен Каравелов" Русе Хранилище 1977-01-01 Хранилище 0.87 229188 Цб 86424 120000229188 1 0.44 Вид: Сф Дата: 01.01.1977 Книги
Изтеглен Не е изгубен Universal Decimal Classification Не е повреден без рестрикции заемане за дома 356525 Регионална библиотека "Любен Каравелов" Русе Регионална библиотека "Любен Каравелов" Русе Заемна - подръчен фонд 1977-01-01 Заемна - подръчен фонд 0.87 230192 П 339.3/Т 82 230192 2 0.44 Вид: Сф Дата: 01.01.1977 Дата инв: 01.03.2018 Бележки инв: П2018 Книги
Vip Innovations Ltd, Rousse, Bulgaria 2025